Alle europäische Länder mit einem Kreuz in der Flagge - Statistiken

Allgemein
  • Dieses Quiz wurde 362 mal gespielt
    324 seit der letzten Aktualisierung
  • Das Durchschnittsergebnis liegt bei 11 aus 14
Antwortstatistiken
Hint Antwort % Korrekt
4. Schweden
96%
12. Norwegen
94%
3. Finnland
92%
8. Schweiz
89%
2. Dänemark
88%
9. Vereinigtes Königreich
85%
6. Island
84%
13. Griechenland
71%
10. Malta
67%
7. Vatikanstadt
66%
11. Slowakei
65%
1. Portugal
57%
14. Serbien
53%
5. Liechtenstein
49%
Keine übereinstimmenden Quizze gefunden
Verteilung der Resultate
Anzahl Personen mit jedem Resultat
Perzentil nach korrekt beantworteten Fragen
Ihre Resultats-Entwicklung
Sie haben dieses Quiz seit der letzten Aktualisierung nicht gespielt